LEADER 01470nam a2200289 a 4500 001 000000021817 003 CaOOAMICUS 005 20110923165900.0 008 950414s1939 it u000 u ita r 035 $a10542714 040 $aPUL(R)$bita 100 1 $aQuadri, Goffredo.$0(OLS)http://pul/name/18641 245 13$aLa filosofia degli Arabi nel suo fiore /$cGoffredo Quadri. 260 $aFirenze :$bLa Nuova Italia,$c1939. 300 $a2 v. ;$c25 cm 500 $aBibliografia in nota. 505 0 $aV. I. Dalle origini fino ad Averroè. Appendice: La dottrina psicologica di Avicenna interpretata da Ugo da Siena medico e filosofo (1370-1439). -- v. II. Il pensiero filosofico di Averroè. 600 14$aIbn S?n?, al-?usayn ibn {mllhring}Abd All?h,$d980-1037.$0(OLS)http://pul/subject/4813 600 14$aAl-F?r?b?, Ab? Nasr Muhammad Ibn Muhammad Ibn Tarh?n,$dm. 950.$0(OLS)http://pul/subject/13880 600 04$aAverroes,$d1126-1198.$0(OLS)http://pul/subject/13881 650 4$aFilosofia islamica.$0(OLS)http://pul/subject/13882 850 $aPUL 852 $aPUL$W1$xDP2 Filosofia 1$y62$m97 C 37$j145898$nBK-PRI$qStampati$B30653$CPULBib$Z2$F30653 $82 852 $aPUL$W1$xDP2 Filosofia 1$y62$m97 C 38$j145899$nBK-PRI$qStampati$B30654$CPULBib$Z2$F30654 $82 941 1 $a8 996 $6245$aLa filosofia degli Arabi nel suo fiore$9(OLS)http://pul/title/30496 996 $6260$aFirenze :$bLa Nuova Italia$9(OLS)http://pul/publisher/48361 LEADER 01125nam a2200301 u 4500 001 000000058767 003 CaOOAMICUS 005 20070226120728.0 008 010612s1990 it u000 u ita u 020 $a8842023590 035 $a10892403 040 $aPUL(R)$bita 100 1 $aMignini, Filippo.$0(OLS)http://pul/name/40707 245 10$aIntroduzione a Spinoza /$cdi Filippo Mignini. 250 $a2. ed. 260 $aRoma :$bLaterza,$c1990. 300 $a263 p. ;$c18 cm 490 1 $aI filosofi ;$v36 504 $aBibliografia: p. 209-[259]. 600 14$aSpinoza, Benedictus de,$d1632-1677$xFilosofia.$0(OLS)http://pul/subject/23056 830 2$aI filosofi (Laterza) ;$v36.$0(OLS)http://pul/title/7858 850 $aPUL 852 $aPUL$W1$xDP1 Altre Collocazioni$y17$m80 M 17$j76725$nBK-PRI$qStampati$q $B76725$CPULBib$Z2$F76725 $H $81 941 1 $a8 961 $aINV: 73305 996 $6020$a8842023590$9(OLS)http://pul/number/74588 996 $6245$aIntroduzione a Spinoza$9(OLS)http://pul/title/78739 996 $6260$aRoma :$bLaterza$9(OLS)http://pul/publisher/47864 LEADER 01506nam a2200325 u 4500 001 000000060965 003 CaOOAMICUS 005 20070226120955.0 008 010828s1988 gw u000 u ger u 020 $a3451212382 035 $a10900162 040 $aPUL(R)$bita 100 1 $aPeter, Anton.$0(OLS)http://pul/name/41588 245 10$aBefreiungstheologie und Transzendentaltheologie :$bEnrique Dussel und Karl Rahner im Vergleich /$cAnton Peter. 260 $aFreiburg in B. :$bHerder,$c1988. 300 $axiv, 625 p. ;$c23 cm 490 1 $aFreiburger theologische Studien ;$v137 500 $aDattiloscritto. 504 $a"Quellen- und Literaturverzeichnis": p. 587-625. 600 14$aRahner, Karl,$cS.I.,$d1904-1984.$0(OLS)http://pul/subject/2205 600 14$aDussel, Enrique,$d1934-$0(OLS)http://pul/subject/23373 650 4$aTeologia della liberazione.$0(OLS)http://pul/subject/2678 650 4$aMetafisica.$0(OLS)http://pul/subject/433 830 0$aFreiburger theologische Studien ;$v137.$0(OLS)http://pul/title/2244 850 $aPUL 852 $aPUL$W1$xCollocazioni Temporanee$y24$mGP2.493$j79528$nBK-PRI$b $qStampati$B79528$CPULBib$Z2$F79528 $H $81 941 1 $a8 996 $6020$a3451212382$9(OLS)http://pul/number/78825 996 $6245$aBefreiungstheologie und Transzendentaltheologie :$bEnrique Dussel und Karl Rahner im Vergleich$9(OLS)http://pul/title/81448 996 $6260$aFreiburg in B. :$bHerder$9(OLS)http://pul/publisher/67728 LEADER 01236nam a2200277 a 4500 001 000000144384 003 CaOOAMICUS 005 20150626090048.0 008 150626s2007 it u000 u ita r 020 $z9788889736395* 040 $aPUL$bita 100 1 $aScola, Angelo,$carciv. emerito di Milano.$0(OLS)http://pul/name/13084 245 10$aCome nasce e come vive una comunità cristiana :$ba partire dal IV Convegno ecclesiale di Verona /$cAngelo Scola. 260 $aVenezia :$bMarcianum Press,$c©2007. 300 $a164 p. ;$c18 cm 490 1 $aScuola di metodo ;$v01 650 4$aComunità cristiana.$0(OLS)http://pul/subject/22746 830 0$aScuola di metodo ;$v01.$0(OLS)http://pul/title/182678 850 $aPUL 852 $aPUL$W1$xDP1 Fondo S. Lanza$y121$m3 F 47$j166634$qFondi$B167234$CPULBib$Z2$F167234 $HLan2107 $82 941 1 $a1 961 $aNota ms. di possesso: Sergio Lanza 996 $6020$z9788889736395*$9(OLS)http://pul/number/158089 996 $6245$aCome nasce e come vive una comunità cristiana :$ba partire dal IV Convegno ecclesiale di Verona$9(OLS)http://pul/title/182677 996 $6260$aVenezia :$bMarcianum Press$9(OLS)http://pul/publisher/79046 LEADER 01492nam a2200337 a 4500 001 000000134078 003 CaOOAMICUS 005 20130528105028.0 008 130528s2008 it abfc u000 u ita r 020 $a978-88-6159-178-3 040 $aPUL$bita 041 1 $aita$heng 082 04$a943.8 100 1 $aDavies, Norman,$d1939-$0(OLS)http://pul/name/86408 240 10$aMicrocosm.$lItaliano.$0(OLS)http://pul/title/169499 245 10$aMicrocosmo :$bl'Europa centrale nella storia di una città /$cNorman Davies, Roger Moorhouse. 260 $aMilano :$bBruno Mondadori,$c©2008. 300 $aXVII, 557 p., [16] c. di tav. :$bill., ritr., c. geogr. ;$c22 cm 490 1 $aEconomica ;$v111 651 4$aBreslavia$xStoria.$0(OLS)http://pul/subject/39621 651 4$aPolonia$xStoria.$0(OLS)http://pul/subject/19306 700 1 $aMoorhouse, Roger.$0(OLS)http://pul/name/86409 830 0$aEconomica (Bruno Mondadori) ;$v111.$0(OLS)http://pul/title/131978 850 $aPUL 852 $aPUL$W1$xSL Cons. Gen., Altre Classi 3$y75$m943. 8 DAVNO 1$j154152$b $qDDC 21$B153704$CPULBib$Z2$F153704 $H122395 $81 941 1 $a9 996 $6020$a978-88-6159-178-3$9(OLS)http://pul/number/152840 996 $6082$a943.8$9(OLS)http://pul/classification/2400 996 $6245$aMicrocosmo :$bl'Europa centrale nella storia di una città$9(OLS)http://pul/title/169500 996 $6260$aMilano :$bBruno Mondadori$9(OLS)http://pul/publisher/60338